00442nam a2200181Ia 4500008004000000082001600040100002600056245005200082260004700134300000700181650000900188650001000197650000800207650001200215650001200227650000800239650001300247210210b1976 xxu||||| |||| 00| 0 eng d a304.66 MASA aMASCARENHAS (Marie M) aAbortion and you: The truth and dangers exposed aBangalorebAsian Trading Corporationc1976 a18 ayou: atruth aThe aexposed adangers aand aAbortion